000 00298nam a2200121Ia 4500
008 190216s9999||||xx |||||||||||||| ||und||
100 _aSharma M C
245 0 _aUnderstanding And Using Multimeters
260 _bBusiness Promotion Bureau
_c1978
300 _a47p
650 _aPhysics
942 _cBK
999 _c32971
_d32971